<?xml version="1.0" encoding="UTF-8"?>
<collection xmlns="http://www.loc.gov/MARC21/slim">
<record>
  <controlfield tag="001">354708</controlfield>
  <controlfield tag="005">20250630143505.0</controlfield>
  <datafield tag="024" ind1="7" ind2=" ">
    <subfield code="a">10.5281/ZENODO.7018379</subfield>
    <subfield code="2">doi</subfield>
  </datafield>
  <datafield tag="037" ind1=" " ind2=" ">
    <subfield code="a">GSI-2024-01185</subfield>
  </datafield>
  <datafield tag="041" ind1=" " ind2=" ">
    <subfield code="a">English</subfield>
  </datafield>
  <datafield tag="100" ind1="1" ind2=" ">
    <subfield code="a">Alvarez Pol, Hector</subfield>
    <subfield code="0">P:(DE-HGF)0</subfield>
    <subfield code="b">0</subfield>
    <subfield code="e">Corresponding author</subfield>
  </datafield>
  <datafield tag="245" ind1=" " ind2=" ">
    <subfield code="a">R3BRoot - Sept 22</subfield>
  </datafield>
  <datafield tag="260" ind1=" " ind2=" ">
    <subfield code="c">2009</subfield>
  </datafield>
  <datafield tag="336" ind1="7" ind2=" ">
    <subfield code="a">Software</subfield>
    <subfield code="2">DCMI</subfield>
  </datafield>
  <datafield tag="336" ind1="7" ind2=" ">
    <subfield code="a">Software</subfield>
    <subfield code="b">sware</subfield>
    <subfield code="m">sware</subfield>
    <subfield code="0">PUB:(DE-HGF)33</subfield>
    <subfield code="s">1733402843_496397</subfield>
    <subfield code="2">PUB:(DE-HGF)</subfield>
  </datafield>
  <datafield tag="336" ind1="7" ind2=" ">
    <subfield code="a">MISC</subfield>
    <subfield code="2">BibTeX</subfield>
  </datafield>
  <datafield tag="336" ind1="7" ind2=" ">
    <subfield code="a">Computer Program</subfield>
    <subfield code="0">6</subfield>
    <subfield code="2">EndNote</subfield>
  </datafield>
  <datafield tag="336" ind1="7" ind2=" ">
    <subfield code="a">OTHER</subfield>
    <subfield code="2">ORCID</subfield>
  </datafield>
  <datafield tag="336" ind1="7" ind2=" ">
    <subfield code="a">Software</subfield>
    <subfield code="2">DataCite</subfield>
  </datafield>
  <datafield tag="520" ind1=" " ind2=" ">
    <subfield code="a">Software for simulations and data analysis of Reactions with Relativistic Radioactive Beams experiment at FAIR</subfield>
  </datafield>
  <datafield tag="536" ind1=" " ind2=" ">
    <subfield code="a">612 - Cosmic Matter in the Laboratory (POF4-612)</subfield>
    <subfield code="0">G:(DE-HGF)POF4-612</subfield>
    <subfield code="c">POF4-612</subfield>
    <subfield code="f">POF IV</subfield>
    <subfield code="x">0</subfield>
  </datafield>
  <datafield tag="536" ind1=" " ind2=" ">
    <subfield code="a">631 - Matter – Dynamics, Mechanisms and Control (POF4-631)</subfield>
    <subfield code="0">G:(DE-HGF)POF4-631</subfield>
    <subfield code="c">POF4-631</subfield>
    <subfield code="f">POF IV</subfield>
    <subfield code="x">1</subfield>
  </datafield>
  <datafield tag="536" ind1=" " ind2=" ">
    <subfield code="a">FAIR Phase-0 - FAIR Phase-0 Research Program (GSI-FAIR-Phase-0)</subfield>
    <subfield code="0">G:(Ds200)GSI-FAIR-Phase-0</subfield>
    <subfield code="c">GSI-FAIR-Phase-0</subfield>
    <subfield code="x">2</subfield>
  </datafield>
  <datafield tag="588" ind1=" " ind2=" ">
    <subfield code="a">Dataset connected to DataCite</subfield>
  </datafield>
  <datafield tag="650" ind1=" " ind2="7">
    <subfield code="a">MC simulation</subfield>
    <subfield code="2">Other</subfield>
  </datafield>
  <datafield tag="650" ind1=" " ind2="7">
    <subfield code="a">structure of nuclei</subfield>
    <subfield code="2">Other</subfield>
  </datafield>
  <datafield tag="650" ind1=" " ind2="7">
    <subfield code="a">nuclear reactions</subfield>
    <subfield code="2">Other</subfield>
  </datafield>
  <datafield tag="650" ind1=" " ind2="7">
    <subfield code="a">excitation energy</subfield>
    <subfield code="2">Other</subfield>
  </datafield>
  <datafield tag="693" ind1=" " ind2=" ">
    <subfield code="a">theory</subfield>
    <subfield code="e">no experiment theory work (theory)</subfield>
    <subfield code="1">EXP:(DE-Ds200)theory-20200803</subfield>
    <subfield code="0">EXP:(DE-Ds200)no_experiment-20200803</subfield>
    <subfield code="5">EXP:(DE-Ds200)no_experiment-20200803</subfield>
    <subfield code="x">0</subfield>
  </datafield>
  <datafield tag="700" ind1="1" ind2=" ">
    <subfield code="a">Heil, Michael</subfield>
    <subfield code="0">P:(DE-Ds200)OR1838</subfield>
    <subfield code="b">1</subfield>
    <subfield code="u">gsi</subfield>
  </datafield>
  <datafield tag="700" ind1="1" ind2=" ">
    <subfield code="a">Kresan, Dmytro</subfield>
    <subfield code="0">P:(DE-Ds200)OR0648</subfield>
    <subfield code="b">2</subfield>
    <subfield code="u">gsi</subfield>
  </datafield>
  <datafield tag="700" ind1="1" ind2=" ">
    <subfield code="a">Mayer, Jan</subfield>
    <subfield code="0">P:(DE-HGF)0</subfield>
    <subfield code="b">3</subfield>
  </datafield>
  <datafield tag="700" ind1="1" ind2=" ">
    <subfield code="a">Rodriguez, Jose Luis</subfield>
    <subfield code="0">P:(DE-HGF)0</subfield>
    <subfield code="b">4</subfield>
  </datafield>
  <datafield tag="700" ind1="1" ind2=" ">
    <subfield code="a">Wagner, Vadim</subfield>
    <subfield code="0">P:(DE-HGF)0</subfield>
    <subfield code="b">5</subfield>
  </datafield>
  <datafield tag="700" ind1="1" ind2=" ">
    <subfield code="a">Rodriguez Sanchez, Jose Luis</subfield>
    <subfield code="0">P:(DE-HGF)0</subfield>
    <subfield code="b">6</subfield>
  </datafield>
  <datafield tag="700" ind1="1" ind2=" ">
    <subfield code="a">Cabanelas, Pablo</subfield>
    <subfield code="0">P:(DE-HGF)0</subfield>
    <subfield code="b">7</subfield>
  </datafield>
  <datafield tag="700" ind1="1" ind2=" ">
    <subfield code="a">Chatillon, Audrey</subfield>
    <subfield code="0">P:(DE-HGF)0</subfield>
    <subfield code="b">8</subfield>
  </datafield>
  <datafield tag="700" ind1="1" ind2=" ">
    <subfield code="a">Douma, Christiaan</subfield>
    <subfield code="0">P:(DE-HGF)0</subfield>
    <subfield code="b">9</subfield>
  </datafield>
  <datafield tag="700" ind1="1" ind2=" ">
    <subfield code="a">Falduto, Ashton</subfield>
    <subfield code="0">P:(DE-HGF)0</subfield>
    <subfield code="b">10</subfield>
  </datafield>
  <datafield tag="700" ind1="1" ind2=" ">
    <subfield code="a">Galiana, Eli</subfield>
    <subfield code="0">P:(DE-HGF)0</subfield>
    <subfield code="b">11</subfield>
  </datafield>
  <datafield tag="700" ind1="1" ind2=" ">
    <subfield code="a">Garcia, Gabriel</subfield>
    <subfield code="0">P:(DE-HGF)0</subfield>
    <subfield code="b">12</subfield>
  </datafield>
  <datafield tag="700" ind1="1" ind2=" ">
    <subfield code="a">Gasparic, Igor</subfield>
    <subfield code="0">P:(DE-Ds200)OR2817</subfield>
    <subfield code="b">13</subfield>
  </datafield>
  <datafield tag="700" ind1="1" ind2=" ">
    <subfield code="a">Graña, Antia</subfield>
    <subfield code="0">P:(DE-HGF)0</subfield>
    <subfield code="b">14</subfield>
  </datafield>
  <datafield tag="700" ind1="1" ind2=" ">
    <subfield code="a">Heiss, Benjamin</subfield>
    <subfield code="0">P:(DE-HGF)0</subfield>
    <subfield code="b">15</subfield>
  </datafield>
  <datafield tag="700" ind1="1" ind2=" ">
    <subfield code="a">Inglessi, Alexander</subfield>
    <subfield code="0">P:(DE-Ds200)OR0513</subfield>
    <subfield code="b">16</subfield>
    <subfield code="u">gsi</subfield>
  </datafield>
  <datafield tag="700" ind1="1" ind2=" ">
    <subfield code="a">Kelic-Heil, Aleksandra</subfield>
    <subfield code="0">P:(DE-Ds200)OR0565</subfield>
    <subfield code="b">17</subfield>
    <subfield code="u">gsi</subfield>
  </datafield>
  <datafield tag="700" ind1="1" ind2=" ">
    <subfield code="a">Klenze, Philipp</subfield>
    <subfield code="0">P:(DE-Ds200)OR7778</subfield>
    <subfield code="b">18</subfield>
    <subfield code="u">gsi</subfield>
  </datafield>
  <datafield tag="700" ind1="1" ind2=" ">
    <subfield code="a">Kripko, Aron</subfield>
    <subfield code="0">P:(DE-HGF)0</subfield>
    <subfield code="b">19</subfield>
  </datafield>
  <datafield tag="700" ind1="1" ind2=" ">
    <subfield code="a">Labiche, Marc</subfield>
    <subfield code="0">P:(DE-HGF)0</subfield>
    <subfield code="b">20</subfield>
  </datafield>
  <datafield tag="700" ind1="1" ind2=" ">
    <subfield code="a">Loeher, Bastian</subfield>
    <subfield code="0">P:(DE-Ds200)OR1863</subfield>
    <subfield code="b">21</subfield>
  </datafield>
  <datafield tag="700" ind1="1" ind2=" ">
    <subfield code="a">Plag, Ralf</subfield>
    <subfield code="0">P:(DE-Ds200)OR2267</subfield>
    <subfield code="b">22</subfield>
  </datafield>
  <datafield tag="700" ind1="1" ind2=" ">
    <subfield code="a">Ponnath, Lukas</subfield>
    <subfield code="0">P:(DE-HGF)0</subfield>
    <subfield code="b">23</subfield>
  </datafield>
  <datafield tag="700" ind1="1" ind2=" ">
    <subfield code="a">Rybalchenko, Alexey</subfield>
    <subfield code="0">P:(DE-Ds200)OR6314</subfield>
    <subfield code="b">24</subfield>
    <subfield code="u">gsi</subfield>
  </datafield>
  <datafield tag="700" ind1="1" ind2=" ">
    <subfield code="a">Storck, Sonja</subfield>
    <subfield code="0">P:(DE-HGF)0</subfield>
    <subfield code="b">25</subfield>
  </datafield>
  <datafield tag="700" ind1="1" ind2=" ">
    <subfield code="a">Syndikus, Ina</subfield>
    <subfield code="0">P:(DE-HGF)0</subfield>
    <subfield code="b">26</subfield>
  </datafield>
  <datafield tag="700" ind1="1" ind2=" ">
    <subfield code="a">Taniuchi, Ryo</subfield>
    <subfield code="0">P:(DE-HGF)0</subfield>
    <subfield code="b">27</subfield>
  </datafield>
  <datafield tag="700" ind1="1" ind2=" ">
    <subfield code="a">Tscheuschner, Joachim</subfield>
    <subfield code="0">P:(DE-HGF)0</subfield>
    <subfield code="b">28</subfield>
  </datafield>
  <datafield tag="700" ind1="1" ind2=" ">
    <subfield code="a">Wongel, Alicia</subfield>
    <subfield code="0">P:(DE-HGF)0</subfield>
    <subfield code="b">29</subfield>
  </datafield>
  <datafield tag="700" ind1="1" ind2=" ">
    <subfield code="a">Zanetti, Lorenzo</subfield>
    <subfield code="0">P:(DE-HGF)0</subfield>
    <subfield code="b">30</subfield>
  </datafield>
  <datafield tag="700" ind1="1" ind2=" ">
    <subfield code="a">Feijoo, Martina</subfield>
    <subfield code="0">P:(DE-HGF)0</subfield>
    <subfield code="b">31</subfield>
  </datafield>
  <datafield tag="700" ind1="1" ind2=" ">
    <subfield code="a">Panin, Valerii</subfield>
    <subfield code="0">P:(DE-Ds200)OR2745</subfield>
    <subfield code="b">32</subfield>
    <subfield code="u">gsi</subfield>
  </datafield>
  <datafield tag="773" ind1=" " ind2=" ">
    <subfield code="a">10.5281/ZENODO.7018379</subfield>
  </datafield>
  <datafield tag="787" ind1="0" ind2=" ">
    <subfield code="a">Alvarez Pol, Hector et.al.</subfield>
    <subfield code="d">2009</subfield>
    <subfield code="i">RelatedTo</subfield>
    <subfield code="0">GSI-2024-01186</subfield>
    <subfield code="r"></subfield>
    <subfield code="t">R3BRoot - Oct 21</subfield>
  </datafield>
  <datafield tag="909" ind1="C" ind2="O">
    <subfield code="o">oai:repository.gsi.de:354708</subfield>
    <subfield code="p">VDB</subfield>
  </datafield>
  <datafield tag="910" ind1="1" ind2=" ">
    <subfield code="a">GSI Helmholtzzentrum für Schwerionenforschung GmbH</subfield>
    <subfield code="0">I:(DE-Ds200)20121206GSI</subfield>
    <subfield code="k">GSI</subfield>
    <subfield code="b">1</subfield>
    <subfield code="6">P:(DE-Ds200)OR1838</subfield>
  </datafield>
  <datafield tag="910" ind1="1" ind2=" ">
    <subfield code="a">GSI Helmholtzzentrum für Schwerionenforschung GmbH</subfield>
    <subfield code="0">I:(DE-Ds200)20121206GSI</subfield>
    <subfield code="k">GSI</subfield>
    <subfield code="b">2</subfield>
    <subfield code="6">P:(DE-Ds200)OR0648</subfield>
  </datafield>
  <datafield tag="910" ind1="1" ind2=" ">
    <subfield code="a">GSI Helmholtzzentrum für Schwerionenforschung GmbH</subfield>
    <subfield code="0">I:(DE-Ds200)20121206GSI</subfield>
    <subfield code="k">GSI</subfield>
    <subfield code="b">16</subfield>
    <subfield code="6">P:(DE-Ds200)OR0513</subfield>
  </datafield>
  <datafield tag="910" ind1="1" ind2=" ">
    <subfield code="a">GSI Helmholtzzentrum für Schwerionenforschung GmbH</subfield>
    <subfield code="0">I:(DE-Ds200)20121206GSI</subfield>
    <subfield code="k">GSI</subfield>
    <subfield code="b">17</subfield>
    <subfield code="6">P:(DE-Ds200)OR0565</subfield>
  </datafield>
  <datafield tag="910" ind1="1" ind2=" ">
    <subfield code="a">GSI Helmholtzzentrum für Schwerionenforschung GmbH</subfield>
    <subfield code="0">I:(DE-Ds200)20121206GSI</subfield>
    <subfield code="k">GSI</subfield>
    <subfield code="b">18</subfield>
    <subfield code="6">P:(DE-Ds200)OR7778</subfield>
  </datafield>
  <datafield tag="910" ind1="1" ind2=" ">
    <subfield code="a">GSI Helmholtzzentrum für Schwerionenforschung GmbH</subfield>
    <subfield code="0">I:(DE-Ds200)20121206GSI</subfield>
    <subfield code="k">GSI</subfield>
    <subfield code="b">24</subfield>
    <subfield code="6">P:(DE-Ds200)OR6314</subfield>
  </datafield>
  <datafield tag="910" ind1="1" ind2=" ">
    <subfield code="a">GSI Helmholtzzentrum für Schwerionenforschung GmbH</subfield>
    <subfield code="0">I:(DE-Ds200)20121206GSI</subfield>
    <subfield code="k">GSI</subfield>
    <subfield code="b">32</subfield>
    <subfield code="6">P:(DE-Ds200)OR2745</subfield>
  </datafield>
  <datafield tag="913" ind1="1" ind2=" ">
    <subfield code="a">DE-HGF</subfield>
    <subfield code="b">Forschungsbereich Materie</subfield>
    <subfield code="l">Matter and the Universe</subfield>
    <subfield code="1">G:(DE-HGF)POF4-610</subfield>
    <subfield code="0">G:(DE-HGF)POF4-612</subfield>
    <subfield code="3">G:(DE-HGF)POF4</subfield>
    <subfield code="2">G:(DE-HGF)POF4-600</subfield>
    <subfield code="4">G:(DE-HGF)POF</subfield>
    <subfield code="v">Cosmic Matter in the Laboratory</subfield>
    <subfield code="x">0</subfield>
  </datafield>
  <datafield tag="913" ind1="1" ind2=" ">
    <subfield code="a">DE-HGF</subfield>
    <subfield code="b">Forschungsbereich Materie</subfield>
    <subfield code="l">Von Materie zu Materialien und Leben</subfield>
    <subfield code="1">G:(DE-HGF)POF4-630</subfield>
    <subfield code="0">G:(DE-HGF)POF4-631</subfield>
    <subfield code="3">G:(DE-HGF)POF4</subfield>
    <subfield code="2">G:(DE-HGF)POF4-600</subfield>
    <subfield code="4">G:(DE-HGF)POF</subfield>
    <subfield code="v">Matter – Dynamics, Mechanisms and Control</subfield>
    <subfield code="x">1</subfield>
  </datafield>
  <datafield tag="920" ind1=" " ind2=" ">
    <subfield code="l">yes</subfield>
  </datafield>
  <datafield tag="920" ind1="1" ind2=" ">
    <subfield code="0">I:(DE-Ds200)Coll-FAIR-R3B</subfield>
    <subfield code="k">R3B@FAIR</subfield>
    <subfield code="l">Collaboration FAIR: R3B</subfield>
    <subfield code="x">0</subfield>
  </datafield>
  <datafield tag="920" ind1="1" ind2=" ">
    <subfield code="0">I:(DE-Ds200)KRA-20150901OR349</subfield>
    <subfield code="k">KRA</subfield>
    <subfield code="l">Kernreaktionen</subfield>
    <subfield code="x">1</subfield>
  </datafield>
  <datafield tag="920" ind1="1" ind2=" ">
    <subfield code="0">I:(DE-Ds200)CIT-20110310OR121</subfield>
    <subfield code="k">CIT</subfield>
    <subfield code="l">IT</subfield>
    <subfield code="x">2</subfield>
  </datafield>
  <datafield tag="980" ind1=" " ind2=" ">
    <subfield code="a">sware</subfield>
  </datafield>
  <datafield tag="980" ind1=" " ind2=" ">
    <subfield code="a">VDB</subfield>
  </datafield>
  <datafield tag="980" ind1=" " ind2=" ">
    <subfield code="a">I:(DE-Ds200)Coll-FAIR-R3B</subfield>
  </datafield>
  <datafield tag="980" ind1=" " ind2=" ">
    <subfield code="a">I:(DE-Ds200)KRA-20150901OR349</subfield>
  </datafield>
  <datafield tag="980" ind1=" " ind2=" ">
    <subfield code="a">I:(DE-Ds200)CIT-20110310OR121</subfield>
  </datafield>
  <datafield tag="980" ind1=" " ind2=" ">
    <subfield code="a">UNRESTRICTED</subfield>
  </datafield>
</record>
</collection>